Normal view
MARC view
- الرسم-كيف نرسم-فنون
Entry Topical Term
001 - CONTROL NUMBER
- control field: 34606
003 - CONTROL NUMBER IDENTIFIER
- control field: JO-AjAnu
005 - DATE AND TIME OF LATEST TRANSACTION
- control field: 20230606075809.0
008 - FIXED-LENGTH DATA ELEMENTS
- fixed length control field: 230606|| aca||aabn | a|a d
040 ## - CATALOGING SOURCE
- Original cataloging agency: JO-AjAnu
- Transcribing agency: JO-AjAnu
150 ## - HEADING--TOPICAL TERM
- Topical term or geographic name entry element: الرسم-كيف نرسم-فنون
670 ## - SOURCE DATA FOUND
- Source citation: Work cat.: (JO-AjAnu)17774: حميد ,موفق تأليف, author 34605, كيف نرسم :كيف تنقل لوحة شهيرة